[Event "MVP-ch Seniors op 16th"]
[Site "Binz"]
[Date "2016.12.01"]
[Round "9.52"]
[White "Vladov, Mark"]
[Black "Reinemann, Guenter"]
[Result "1-0"]
[WhiteElo "1770"]
[BlackElo "1924"]
[PlyCount "79"]
[EventDate "2016.11.23"]
[EventType "swiss"]
[EventRounds "9"]
[EventCountry "GER"]
[SourceTitle "EXT 2018"]
[Source "ChessBase"]
[SourceDate "2017.10.13"]
[SourceVersion "1"]
[SourceVersionDate "2017.10.13"]
[SourceQuality "1"]

1. Nf3 Nf6 2. c4 g6 3. g3 Bg7 4. Bg2 d6 5. d4 c5 6. 0-0 cxd4 7. Nxd4 0-0 8. Nc3 Nbd7 9. Qc2 a6 10. e3 Rb8 11. Rb1 Qc7 12. b3 Nc5 13. b4 e5 14. bxc5 exd4 15. Nd5 Nxd5 16. cxd6 Qxd6 17. Bxd5 dxe3 18. Bxe3 b5 19. Rbd1 Qc7 20. c5 Bf5 21. Qc1 Rfc8 22. Rfe1 Qa5 23. Bd2 b4 24. Be3 Re8 25. Qc4 Be6 26. Re2 Qa4 27. Rc2 a5 28. Bxe6 Rxe6 29. Rcd2 Bf8 30. Rd8 Rxd8 31. Rxd8 Re8 32. Rxe8 Qxe8 33. c6 Bd6 34. c7 Qc8 35. Bf4 Bxf4 36. Qxf4 a4 37. Qd6 Kg7 38. Qd8 Qe6 39. c8Q Qxa2 40. Qf8+ 1-0

[Event "MVP-ch Seniors op 16th"]
[Site "Binz"]
[Date "2016.11.26"]
[Round "4.47"]
[White "Reinemann, Guenter"]
[Black "Moews, Harald"]
[Result "1/2-1/2"]
[WhiteElo "1924"]
[BlackElo "1794"]
[PlyCount "112"]
[EventDate "2016.11.23"]
[EventType "swiss"]
[EventRounds "9"]
[EventCountry "GER"]
[SourceTitle "EXT 2018"]
[Source "ChessBase"]
[SourceDate "2017.10.13"]
[SourceVersion "1"]
[SourceVersionDate "2017.10.13"]
[SourceQuality "1"]

1. e4 e6 2. d4 c6 3. Nf3 Be7 4. e5 a6 5. a4 d6 6. Bd3 c5 7. dxc5 dxe5 8. Nxe5 Qa5+ 9. Bd2 Qxc5 10. Bc3 Nf6 11. 0-0 Nc6 12. Nf3 0-0 13. Nbd2 Nd5 14. Ne4 Nxc3 15. bxc3 Qa5 16. Nfd2 Rd8 17. Nc4 Qc7 18. Qh5 g6 19. Qf3 Ne5 20. Qg3 f6 21. Nxe5 Qxe5 22. Qxe5 fxe5 23. a5 Bd7 24. Rad1 Bc6 25. Rfe1 Rd5 26. Ra1 Bd8 27. Ra3 Rxa5 28. Rea1 Rxa3 29. Rxa3 Be7 30. Ra5 b5 31. Kf1 Kf8 32. Ke2 Ke8 33. f3 Kd8 34. c4 Bb4 35. Ra2 bxc4 36. Bxc4 Bd5 37. Bxd5 exd5 38. Nf6 d4 39. Nxh7 Be7 40. g3 a5 41. h4 Kd7 42. Kd3 Ke6 43. Ke4 a4 44. Ng5+ Kf6 45. f4 exf4 46. gxf4 Bc5 47. Nf3 a3 48. Nxd4 Bxd4 49. Kxd4 Kf5 50. c4 Kxf4 51. Kd5 Kg4 52. c5 Kxh4 53. Kd6 g5 54. c6 g4 55. c7 g3 56. Rxa3 Rc8 1/2-1/2

[Event "MVP-ch Seniors op 16th"]
[Site "Binz"]
[Date "2016.11.24"]
[Round "2.21"]
[White "Reinemann, Guenter"]
[Black "Gerhardt, Peter Michael"]
[Result "1/2-1/2"]
[WhiteElo "1924"]
[BlackElo "2046"]
[PlyCount "70"]
[EventDate "2016.11.23"]
[EventType "swiss"]
[EventRounds "9"]
[EventCountry "GER"]
[SourceTitle "EXT 2018"]
[Source "ChessBase"]
[SourceDate "2017.10.13"]
[SourceVersion "1"]
[SourceVersionDate "2017.10.13"]
[SourceQuality "1"]

1. e4 g6 2. d4 Bg7 3. Nc3 d6 4. Nf3 Nf6 5. Be2 0-0 6. h3 c6 7. Be3 Qc7 8. Qd2 b5 9. a3 a6 10. 0-0 Nbd7 11. Rad1 Bb7 12. Nh2 c5 13. f3 Rac8 14. Rc1 cxd4 15. Bxd4 Nb6 16. Ng4 Nxg4 17. Bxg7 Kxg7 18. hxg4 Nc4 19. Bxc4 Qxc4 20. Rfd1 Qc5+ 21. Qd4+ f6 22. Rd2 Qg5 23. Rcd1 h5 24. gxh5 Qxh5 25. Kf1 Qc5 26. Qxc5 Rxc5 27. Ne2 Rh8 28. Nf4 Kf7 29. c3 g5 30. Nd3 Rc7 31. Nf2 Bc8 32. Ke2 Be6 33. Rh1 Bc4+ 34. Ke3 Rcc8 35. Rdd1 Ke6 1/2-1/2

[Event "MVP-ch Seniors op 15th"]
[Site "Binz"]
[Date "2015.12.02"]
[Round "9.51"]
[White "Reinemann, Guenter"]
[Black "Mewes, Hans Dieter"]
[Result "1/2-1/2"]
[WhiteElo "1789"]
[BlackElo "1646"]
[PlyCount "38"]
[EventDate "2015.11.24"]
[EventType "swiss"]
[EventRounds "9"]
[EventCountry "GER"]
[SourceTitle "EXT 2017"]
[Source "ChessBase"]
[SourceDate "2016.10.25"]
[SourceVersion "1"]
[SourceVersionDate "2016.10.25"]
[SourceQuality "1"]

1. e4 d5 2. exd5 Qxd5 3. Nc3 Qd6 4. d4 Nf6 5. Nf3 a6 6. h3 b5 7. Bd3 Bb7 8. Qe2 e6 9. Ne4 Nxe4 10. Bxe4 Bxe4 11. Qxe4 c6 12. 0-0 Nd7 13. Bg5 h6 14. Bh4 Qd5 15. Qe2 Bd6 16. Rfe1 g5 17. Bg3 Bxg3 18. fxg3 0-0 19. c3 c5 1/2-1/2

[Event "MVP-ch Seniors op 15th"]
[Site "Binz"]
[Date "2015.11.28"]
[Round "5.25"]
[White "Reinemann, Guenter"]
[Black "Bondick, Karl Heinz"]
[Result "1/2-1/2"]
[WhiteElo "1789"]
[BlackElo "1926"]
[PlyCount "23"]
[EventDate "2015.11.24"]
[EventType "swiss"]
[EventRounds "9"]
[EventCountry "GER"]
[SourceTitle "EXT 2017"]
[Source "ChessBase"]
[SourceDate "2016.10.25"]
[SourceVersion "1"]
[SourceVersionDate "2016.10.25"]
[SourceQuality "1"]

1. e4 c6 2. d4 d5 3. exd5 cxd5 4. Nf3 Nf6 5. Nc3 Nc6 6. h3 e6 7. Bd3 Be7 8. 0-0 0-0 9. a3 a6 10. Be3 b5 11. Qe2 Bb7 12. Rad1 1/2-1/2

[Event "EU-chT Seniors"]
[Site "Vienna"]
[Date "2015.07.13"]
[Round "2.19"]
[White "Reinemann, Guenter"]
[Black "Fritsch, Juergen"]
[Result "1/2-1/2"]
[WhiteElo "1941"]
[BlackElo "1866"]
[PlyCount "93"]
[EventDate "2015.07.12"]
[EventType "team-swiss"]
[EventRounds "9"]
[EventCountry "AUT"]
[SourceTitle "EXT 2018"]
[Source "ChessBase"]
[SourceDate "2017.10.13"]
[SourceVersion "1"]
[SourceVersionDate "2017.10.13"]
[SourceQuality "1"]
[WhiteTeam "Sachsen Anhalt"]
[BlackTeam "Niedersachsen Freibauer"]
[WhiteTeamCountry "GER"]
[BlackTeamCountry "GER"]

1. e4 e5 2. Nf3 Nc6 3. Bb5 g6 4. 0-0 Bg7 5. Nc3 Nge7 6. d3 0-0 7. Bg5 h6 8. Bh4 Qe8 9. a4 Kh7 10. Bxe7 Nxe7 11. d4 c6 12. Bc4 exd4 13. Nxd4 d6 14. Nce2 Qd8 15. c3 d5 16. exd5 Nxd5 17. Qb3 Qg5 18. Nf3 Qf6 19. Bxd5 cxd5 20. Qxd5 Qb6 21. Qb5 Qc7 22. Qb4 a5 23. Qf4 Qc5 24. Ned4 Ra6 25. Rfe1 g5 26. Qe4+ f5 27. Qe7 Qxe7 28. Rxe7 Rb6 29. Re2 g4 30. Nh4 f4 31. Rae1 Bf6 32. g3 f3 33. Rc2 Bd7 34. Nb5 Kg7 35. c4 Kf7 36. Rd2 Rd8 37. Nd6+ Kf8 38. c5 Rb4 39. Re4 Rxb2 40. Rxb2 Bxb2 41. h3 h5 42. Ng6+ Kg7 43. Ne5 Bxe5 44. Rxe5 Bxa4 45. hxg4 hxg4 46. Re7+ Kg6 47. Rxb7 1/2-1/2

[Event "MVP-ch Seniors op 14th"]
[Site "Binz"]
[Date "2014.11.28"]
[Round "4"]
[White "Kahn, Peter"]
[Black "Reinemann, Guenter"]
[Result "1/2-1/2"]
[WhiteElo "1970"]
[BlackElo "1788"]
[PlyCount "103"]
[EventDate "2014.11.25"]
[EventType "swiss"]
[EventRounds "9"]
[EventCountry "GER"]
[SourceTitle "EXT 2016"]
[Source "ChessBase"]
[SourceDate "2015.10.08"]
[SourceVersion "1"]
[SourceVersionDate "2015.10.08"]
[SourceQuality "1"]

1. e4 e6 2. d4 d5 3. Nd2 dxe4 4. Nxe4 Nd7 5. Nf3 Ngf6 6. Bd3 Be7 7. Qe2 0-0 8. Bg5 Nd5 9. Bd2 b6 10. c3 Bb7 11. 0-0 N5f6 12. Bf4 Bxe4 13. Bxe4 Nxe4 14. Qxe4 c5 15. Rad1 Nf6 16. Qe2 Qd5 17. c4 Qf5 18. Be5 Rfd8 19. dxc5 Rxd1 20. Rxd1 Bxc5 21. Nd4 Qe4 22. Bxf6 Qxe2 23. Nxe2 gxf6 24. Kf1 Rc8 25. b3 a5 26. a4 Kf8 27. g4 Ke7 28. h3 Rg8 29. Nf4 Bd6 30. Nh5 Be5 31. f4 Bb2 32. Ke2 Rc8 33. Ng3 Rc6 34. Kf3 Bc3 35. Rd3 Bb2 36. Ke4 Rd6 37. Rxd6 Kxd6 38. Kd3 Kc6 39. Nf1 h6 40. Nh2 Kc5 41. Nf3 Bc1 42. f5 e5 43. Ng1 Kb4 44. Kc2 Be3 45. Ne2 Bd4 46. Ng3 Be3 47. Ne4 Bg5 48. Nc3 Kc5 49. Kd3 Bh4 50. Nd5 Bg5 51. Ke4 Bh4 52. Kd3 1/2-1/2

[Event "MVP-ch Seniors op 14th"]
[Site "Binz"]
[Date "2014.11.25"]
[Round "1"]
[White "Reinemann, Guenter"]
[Black "Girod, Gudrun"]
[Result "1-0"]
[WhiteElo "1788"]
[BlackElo "1367"]
[PlyCount "33"]
[EventDate "2014.11.25"]
[EventType "swiss"]
[EventRounds "9"]
[EventCountry "GER"]
[SourceTitle "EXT 2016"]
[Source "ChessBase"]
[SourceDate "2015.10.08"]
[SourceVersion "1"]
[SourceVersionDate "2015.10.08"]
[SourceQuality "1"]

1. e4 e6 2. Ne2 d5 3. exd5 Qxd5 4. Nbc3 Qd8 5. d4 Nf6 6. h3 h6 7. Be3 Bb4 8. a3 Bxc3+ 9. Nxc3 c6 10. Bd3 0-0 11. Qd2 Nd5 12. Nxd5 exd5 13. g4 f5 14. Rg1 Qh4 15. 0-0-0 Be6 16. gxf5 Bxf5 17. Bxh6 1-0

[Event "EU-chT Seniors"]
[Site "Sibenik"]
[Date "2014.04.08"]
[Round "8.15"]
[White "Auvinen, Esa"]
[Black "Reinemann, Guenter"]
[Result "1-0"]
[WhiteElo "1988"]
[BlackElo "1980"]
[PlyCount "77"]
[EventDate "2014.04.01"]
[EventType "team-swiss"]
[EventRounds "9"]
[EventCountry "CRO"]
[SourceTitle "CBM 159 Extra"]
[Source "ChessBase"]
[SourceDate "2014.04.24"]
[SourceVersion "1"]
[SourceVersionDate "2014.04.24"]
[SourceQuality "1"]
[WhiteTeam "Finland Seniors II"]
[BlackTeam "Germany Saxony Anhalt Seniors"]
[WhiteTeamCountry "FIN"]
[BlackTeamCountry "GER"]

1. e4 e6 2. d4 d5 3. Nc3 dxe4 4. Nxe4 Nd7 5. Nf3 Ngf6 6. Nxf6+ Nxf6 7. Bd3 c5 8. 0-0 cxd4 9. Nxd4 Bc5 10. Be3 Be7 11. Qf3 0-0 12. Rad1 Qa5 13. a3 a6 14. Rfe1 Re8 15. Nb3 Qa4 16. Nc5 Qg4 17. Be2 Qh4 18. Nxb7 e5 19. Nd6 Bg4 20. Qg3 Qxg3 21. hxg3 Reb8 22. b4 Be6 23. Bf3 Bxd6 24. Bxa8 Be7 25. Bc6 Bc4 26. Bc1 e4 27. Bxe4 h6 28. Bd3 Be6 29. Bxa6 Bf8 30. c4 g5 31. c5 Nd5 32. Bb2 Kh7 33. Be5 Ra8 34. Bb7 Rd8 35. c6 Re8 36. c7 f6 37. Bxd5 Bxd5 38. Rxd5 Be7 39. Bxf6 1-0

[Event "EU-chT Seniors"]
[Site "Sibenik"]
[Date "2014.04.02"]
[Round "2.16"]
[White "Reinemann, Guenter"]
[Black "Mundal, Arnold"]
[Result "0-1"]
[WhiteElo "1980"]
[BlackElo "1937"]
[PlyCount "138"]
[EventDate "2014.04.01"]
[EventType "team-swiss"]
[EventRounds "9"]
[EventCountry "CRO"]
[SourceTitle "CBM 159 Extra"]
[Source "ChessBase"]
[SourceDate "2014.04.24"]
[SourceVersion "1"]
[SourceVersionDate "2014.04.24"]
[SourceQuality "1"]
[WhiteTeam "Germany Saxony Anhalt Seniors"]
[BlackTeam "Norway Seniors"]
[WhiteTeamCountry "GER"]
[BlackTeamCountry "NOR"]

1. e4 d6 2. d4 g6 3. Nc3 Bg7 4. Be3 Nf6 5. f3 0-0 6. Qd2 e5 7. d5 c6 8. 0-0-0 Qa5 9. Kb1 c5 10. Nb5 Qb6 11. g4 a6 12. Na3 Qc7 13. Nc4 b5 14. Qa5 Qxa5 15. Nxa5 Re8 16. Be2 Nfd7 17. h4 Bf6 18. g5 Bd8 19. Nc6 Bc7 20. Nxb8 Rxb8 21. h5 Nb6 22. Nh3 c4 23. c3 Na4 24. Bd2 Bb6 25. b3 cxb3 26. axb3 Nc5 27. Kc2 Bxh3 28. Rxh3 Nd7 29. Rdh1 Nf8 30. Kb2 Rbc8 31. Bd3 Re7 32. f4 Rce8 33. fxe5 dxe5 34. Be3 Bxe3 35. Rxe3 gxh5 36. Ra1 Ng6 37. Rxa6 Rb7 38. Ra5 Reb8 39. Bf1 Nf4 40. Bh3 Kg7 41. Bf5 h4 42. Ra6 Rb6 43. Ra5 h6 44. gxh6+ Kxh6 45. Ra7 Kg7 46. Kc2 Rh6 47. Bh3 Rg6 48. Ra1 Kh6 49. b4 Kh5 50. Kb3 Rg3 51. Rxg3 hxg3 52. Rh1 Nxh3 53. Rxh3+ Kg4 54. Rh1 g2 55. Ra1 Kf3 56. c4 bxc4+ 57. Kxc4 Kxe4 58. d6 Rc8+ 59. Kb5 Kd5 60. Rd1+ Ke6 61. d7 Rd8 62. Rg1 f5 63. Rxg2 Rxd7 64. Rg8 e4 65. Kc6 e3 66. Rg2 Rd2 67. Rg1 f4 68. b5 Rc2+ 69. Kb7 f3 0-1

[Event "MVP-ch Seniors op 13th"]
[Site "Binz"]
[Date "2013.12.05"]
[Round "9"]
[White "Reinemann, Guenter"]
[Black "Roggenbach, Ottomar"]
[Result "1/2-1/2"]
[WhiteElo "1814"]
[BlackElo "1617"]
[PlyCount "100"]
[EventDate "2013.11.27"]
[EventType "swiss"]
[EventRounds "9"]
[EventCountry "GER"]
[SourceTitle "EXT 2015"]
[Source "ChessBase"]
[SourceDate "2014.11.20"]
[SourceVersion "1"]
[SourceVersionDate "2014.11.20"]
[SourceQuality "1"]

1. e4 Nc6 2. Nc3 e5 3. Nf3 Bc5 4. Bb5 d6 5. d4 exd4 6. Nxd4 Bd7 7. Bxc6 bxc6 8. Be3 Qf6 9. 0-0 Qg6 10. Qf3 Qf6 11. Nf5 Bxe3 12. Qxe3 Ne7 13. Ng3 0-0 14. Rad1 Rfd8 15. f4 Ng6 16. Qf2 Qe7 17. Rd2 h6 18. f5 Ne5 19. Nh5 Qg5 20. Nf4 Qe7 21. Re2 Qf6 22. h3 Kh7 23. Re3 Qe7 24. Rg3 Rg8 25. Nh5 f6 26. Nf4 Be8 27. b3 Bf7 28. Rd1 a5 29. Na4 Rab8 30. c4 Rb4 31. Qc2 Rbb8 32. Kh2 g5 33. fxg6+ Nxg6 34. Ne2 Ne5 35. Nac3 Rxg3 36. Nxg3 Be6 37. Nf5 Bxf5 38. exf5 Qg7 39. Ne4 c5 40. Qc3 Rg8 41. Rd2 Kh8 42. Kh1 Ra8 43. Re2 Kh7 44. Re3 a4 45. Rg3 Qf7 46. Nd2 axb3 47. axb3 Rg8 48. Rxg8 Qxg8 49. Ne4 Qf7 50. Qd2 Nd7 1/2-1/2

[Event "MVP-ch Seniors op 13th"]
[Site "Binz"]
[Date "2013.12.02"]
[Round "6"]
[White "Knoblach, Norbert"]
[Black "Reinemann, Guenter"]
[Result "0-1"]
[WhiteElo "1581"]
[BlackElo "1814"]
[PlyCount "30"]
[EventDate "2013.11.27"]
[EventType "swiss"]
[EventRounds "9"]
[EventCountry "GER"]
[SourceTitle "EXT 2015"]
[Source "ChessBase"]
[SourceDate "2014.11.20"]
[SourceVersion "1"]
[SourceVersionDate "2014.11.20"]
[SourceQuality "1"]

1. d4 Nf6 2. c4 g6 3. Nc3 Bg7 4. g3 d6 5. Nf3 0-0 6. Bg2 Nc6 7. e4 Bg4 8. 0-0 e5 9. dxe5 Nxe5 10. Qe2 Nfd7 11. Be3 c6 12. Rac1 Qf6 13. Bf4 g5 14. h3 Bxf3 15. Bxe5 Nxe5 0-1

[Event "MVP-ch Seniors op 13th"]
[Site "Binz"]
[Date "2013.11.30"]
[Round "4"]
[White "Brandt, Fred"]
[Black "Reinemann, Guenter"]
[Result "1-0"]
[WhiteElo "1667"]
[BlackElo "1814"]
[PlyCount "79"]
[EventDate "2013.11.27"]
[EventType "swiss"]
[EventRounds "9"]
[EventCountry "GER"]
[SourceTitle "EXT 2015"]
[Source "ChessBase"]
[SourceDate "2014.11.20"]
[SourceVersion "1"]
[SourceVersionDate "2014.11.20"]
[SourceQuality "1"]

1. d4 Nf6 2. Nf3 g6 3. e3 Bg7 4. Bd3 d6 5. Nbd2 0-0 6. e4 Nc6 7. c3 e5 8. d5 Ne7 9. 0-0 Nh5 10. Nc4 b5 11. Na3 a6 12. Bg5 h6 13. Be3 Nf4 14. Bxf4 exf4 15. Nc2 Bg4 16. h3 Bd7 17. Ncd4 Qc8 18. Kh2 g5 19. Be2 Re8 20. Qd2 Ng6 21. Bd3 Qd8 22. Rae1 h5 23. Nf5 Bh8 24. N3d4 g4 25. Qd1 Qg5 26. Rg1 Kf8 27. Qc1 Ne5 28. Bc2 Bf6 29. g3 fxg3+ 30. fxg3 Qxc1 31. Rxc1 Bxf5 32. exf5 Nf3+ 33. Nxf3 gxf3 34. Bd1 f2 35. Rf1 Re1 36. Kg2 Bg5 37. Rc2 h4 38. Kxf2 Re5 39. g4 Rxd5 40. Bf3 1-0

[Event "MVP-ch Seniors op 13th"]
[Site "Binz"]
[Date "2013.11.29"]
[Round "3"]
[White "Reinemann, Guenter"]
[Black "Baumbach, Friedrich"]
[Result "0-1"]
[WhiteElo "1814"]
[BlackElo "2116"]
[PlyCount "70"]
[EventDate "2013.11.27"]
[EventType "swiss"]
[EventRounds "9"]
[EventCountry "GER"]
[SourceTitle "EXT 2015"]
[Source "ChessBase"]
[SourceDate "2014.11.20"]
[SourceVersion "1"]
[SourceVersionDate "2014.11.20"]
[SourceQuality "1"]

1. e4 c5 2. c3 Nf6 3. e5 Nd5 4. d4 cxd4 5. Nf3 Nc6 6. cxd4 d6 7. Bc4 Nb6 8. Bb5 d5 9. 0-0 Bf5 10. Nh4 Bd7 11. Be3 Nxe5 12. Nc3 Nec4 13. Nf3 e6 14. Qe2 Be7 15. Bf4 0-0 16. b3 Bxb5 17. Nxb5 Nd6 18. a4 a6 19. Nc3 Rc8 20. Rac1 Nd7 21. h4 Nf6 22. Ng5 h6 23. Nxe6 fxe6 24. Qxe6+ Nf7 25. g4 Rc6 26. Qf5 Qc8 27. Nxd5 Nxd5 28. Qxd5 Qxg4+ 29. Bg3 Rd8 30. Qg2 Rxd4 31. Rxc6 bxc6 32. Qxc6 Bxh4 33. Kg2 Rd2 34. Qe8+ Kh7 35. Qxf7 Qxg3+ 0-1

[Event "MVP-ch Seniors op 13th"]
[Site "Binz"]
[Date "2013.11.28"]
[Round "2"]
[White "Reinemann, Guenter"]
[Black "Traut, Alexander"]
[Result "1-0"]
[WhiteElo "1814"]
[BlackElo "1306"]
[PlyCount "101"]
[EventDate "2013.11.27"]
[EventType "swiss"]
[EventRounds "9"]
[EventCountry "GER"]
[SourceTitle "EXT 2015"]
[Source "ChessBase"]
[SourceDate "2014.11.20"]
[SourceVersion "1"]
[SourceVersionDate "2014.11.20"]
[SourceQuality "1"]

1. e4 e5 2. Nf3 Nc6 3. Bb5 f6 4. 0-0 a6 5. Bxc6 dxc6 6. Nxe5 g6 7. Nf3 Bc5 8. d4 Bb6 9. h3 g5 10. e5 h6 11. exf6 Qxf6 12. Ne5 Bf5 13. Qh5+ Kf8 14. Be3 Kg7 15. c3 Ne7 16. Nd2 Rad8 17. Ndc4 Ba7 18. Rad1 Nd5 19. Ng4 Qg6 20. Qxg6+ Bxg6 21. Nge5 Bb6 22. Nxb6 cxb6 23. c4 Nf6 24. f3 Nh5 25. Kf2 Rhf8 26. Rfe1 Nf4 27. Bxf4 Rxf4 28. Nxg6 Kxg6 29. Re4 Rf5 30. Re7 Rf7 31. Re4 Rf5 32. Rd2 h5 33. Ke3 Rf7 34. Kd3 Rdd7 35. Rde2 Rd6 36. Re7 Rdf6 37. Rxf7 Rxf7 38. Re4 Kf5 39. b3 a5 40. g3 Kf6 41. Ke3 Kg6 42. a4 Kf6 43. f4 Rg7 44. fxg5+ Kxg5 45. Re5+ Kh6 46. Kf4 Rg6 47. g4 hxg4 48. hxg4 Kh7 49. Re7+ Rg7 50. Rxg7+ Kxg7 51. Kg5 1-0

[Event "EU-chT Seniors 15th"]
[Site "Dresden"]
[Date "2013.07.20"]
[Round "1"]
[White "Reinemann, Guenter"]
[Black "Schuermans, Robert"]
[Result "0-1"]
[WhiteElo "1999"]
[BlackElo "2127"]
[PlyCount "118"]
[EventDate "2013.07.20"]
[EventType "team-swiss"]
[EventRounds "9"]
[EventCountry "GER"]
[SourceTitle "CBM 155 Extra"]
[Source "ChessBase"]
[SourceDate "2013.08.26"]
[SourceVersion "1"]
[SourceVersionDate "2013.08.26"]
[SourceQuality "1"]
[WhiteTeam "Halle Saale Schachbund"]
[BlackTeam "Belgium"]
[WhiteTeamCountry "GER"]
[BlackTeamCountry "BEL"]

1. e4 e5 2. Nf3 Nc6 3. Bb5 f5 4. d4 fxe4 5. Bxc6 dxc6 6. Nxe5 Qh4 7. Qe2 Nf6 8. Nc3 Bb4 9. Bd2 Bxc3 10. Bxc3 Be6 11. h3 0-0-0 12. g3 Qh5 13. Qxh5 Nxh5 14. Ng4 Bxg4 15. hxg4 Nf6 16. g5 Nd5 17. Rh4 e3 18. f4 Ne7 19. Rd1 Nf5 20. Rh3 h5 21. gxh6 Rxh6 22. Rxh6 gxh6 23. Ke2 Rg8 24. Rg1 h5 25. b3 Kd7 26. g4 Nh4 27. Kxe3 hxg4 28. Be1 Nf3 29. Rh1 Re8+ 30. Kf2 Nxd4 31. Rh7+ Re7 32. Rxe7+ Kxe7 33. Kg3 Nxc2 34. Bf2 b6 35. Kxg4 Nb4 36. a3 Nd3 37. Bh4+ Kf7 38. b4 c5 39. bxc5 Nxc5 40. Kf5 Nd7 41. Ke4 c6 42. Bf2 Nf6+ 43. Kd4 Ke6 44. Bh4 Kf5 45. a4 Nd5 46. a5 Nxf4 47. axb6 axb6 48. Kc4 Ne6 49. Bf2 b5+ 50. Kd3 Ke5 51. Bg3+ Kd5 52. Bh4 c5 53. Bf6 b4 54. Be7 Nd4 55. Bf6 c4+ 56. Ke3 Nc6 57. Kd2 Ke4 58. Bg7 Nd4 59. Bf8 c3+ 0-1

[Event "GER-chT Seniors 21st"]
[Site "Berlin"]
[Date "2012.09.16"]
[Round "7.56"]
[White "Reinemann, Guenter"]
[Black "Bedau, Ernst"]
[Result "1/2-1/2"]
[WhiteElo "1813"]
[BlackElo "1797"]
[PlyCount "24"]
[EventDate "2012.09.10"]
[EventType "team-swiss"]
[EventRounds "7"]
[EventCountry "GER"]
[SourceTitle "CBM 150 Extra"]
[Source "ChessBase"]
[SourceDate "2012.10.19"]
[SourceVersion "1"]
[SourceVersionDate "2012.10.19"]
[SourceQuality "1"]
[WhiteTeam "Sachsen Anhalt Seniors II"]
[BlackTeam "Rheinland Pfalz Seniors II"]
[WhiteTeamCountry "GER"]
[BlackTeamCountry "GER"]

1. e4 c6 2. d4 d5 3. Nc3 dxe4 4. Nxe4 Bf5 5. Ng3 Bg6 6. c3 e6 7. Nf3 Nd7 8. Bd3 Bxd3 9. Qxd3 Qc7 10. Bd2 Ngf6 11. Ne4 Nxe4 12. Qxe4 Nf6 1/2-1/2

[Event "GER-chT Seniors 21st"]
[Site "Berlin"]
[Date "2012.09.12"]
[Round "3.32"]
[White "Kirschneck, Erich"]
[Black "Reinemann, Guenter"]
[Result "1/2-1/2"]
[WhiteElo "2045"]
[BlackElo "1813"]
[PlyCount "60"]
[EventDate "2012.09.10"]
[EventType "team-swiss"]
[EventRounds "7"]
[EventCountry "GER"]
[SourceTitle "CBM 150 Extra"]
[Source "ChessBase"]
[SourceDate "2012.10.19"]
[SourceVersion "1"]
[SourceVersionDate "2012.10.19"]
[SourceQuality "1"]
[WhiteTeam "Hamburg Seniors"]
[BlackTeam "Sachsen Anhalt Seniors II"]
[WhiteTeamCountry "GER"]
[BlackTeamCountry "GER"]

1. c4 Nf6 2. Nc3 g6 3. e4 d6 4. d4 Bg7 5. f3 e5 6. d5 0-0 7. Be3 Nh5 8. Qd2 f5 9. Bg5 Bf6 10. Bxf6 Nxf6 11. Bd3 fxe4 12. Nxe4 Nxe4 13. Bxe4 Bf5 14. Bxf5 Rxf5 15. g3 Nd7 16. 0-0-0 a5 17. h4 a4 18. Qe2 Qf8 19. Rh2 Nc5 20. Kb1 Re8 21. Qe3 Qg7 22. Re2 Ref8 23. b4 axb3 24. axb3 e4 25. f4 Ra8 26. Ra2 Rxa2 27. Kxa2 Rf8 28. Qd4 Ra8+ 29. Kb2 Nd3+ 30. Kc3 Qe7 1/2-1/2

[Event "GER-ch Seniors"]
[Site "Dresden"]
[Date "2012.08.17"]
[Round "9"]
[White "Mann, Klaus Dieter"]
[Black "Reinemann, Guenter"]
[Result "1-0"]
[WhiteElo "2103"]
[BlackElo "1989"]
[PlyCount "123"]
[EventDate "2012.08.09"]
[EventType "swiss"]
[EventRounds "9"]
[EventCountry "GER"]
[SourceTitle "EXT 2014"]
[Source "ChessBase"]
[SourceDate "2013.11.20"]
[SourceVersion "1"]
[SourceVersionDate "2013.11.20"]
[SourceQuality "1"]

1. c4 Nf6 2. g3 g6 3. Bg2 Bg7 4. Nc3 d6 5. e3 Nbd7 6. d4 0-0 7. Nge2 e5 8. 0-0 c6 9. h3 Qe7 10. b3 Rd8 11. Qc2 Nb6 12. a4 exd4 13. Nxd4 c5 14. Nde2 Bf5 15. Qa2 a5 16. Bb2 d5 17. cxd5 Bd3 18. Rad1 c4 19. Ba3 Qd7 20. d6 Ne8 21. Rfe1 Nxd6 22. Bc5 Qc7 23. Qa3 Bf8 24. Nf4 Nb5 25. Nxb5 Qxc5 26. Qxc5 Bxc5 27. Nxd3 cxd3 28. Bxb7 Rab8 29. Be4 Bb4 30. Rf1 d2 31. Rb1 f5 32. Bf3 Rbc8 33. Nd4 Kf7 34. Rfd1 Rd6 35. Kf1 Kf6 36. Rb2 g5 37. Rc2 Rxc2 38. Nxc2 Bc3 39. Rb1 Nd5 40. Bxd5 Rxd5 41. Ke2 h5 42. Na3 Be5 43. Nc4 Bc3 44. Kd1 f4 45. g4 hxg4 46. hxg4 fxe3 47. fxe3 Rd3 48. b4 axb4 49. Rxb4 Rd8 50. a5 Ke6 51. Rb5 Rd5 52. Rxd5 Kxd5 53. Nxd2 Bxa5 54. Ke2 Kc6 55. Kd3 Kd5 56. Ne4 Bb6 57. Nxg5 Ke5 58. Nf3+ Kf6 59. e4 Ke6 60. g5 Kf7 61. Kc4 Kg6 62. Kd5 1-0

[Event "GER-ch Seniors"]
[Site "Dresden"]
[Date "2012.08.16"]
[Round "8"]
[White "Reinemann, Guenter"]
[Black "Kahn, Peter"]
[Result "0-1"]
[WhiteElo "1989"]
[BlackElo "2099"]
[PlyCount "116"]
[EventDate "2012.08.09"]
[EventType "swiss"]
[EventRounds "9"]
[EventCountry "GER"]
[SourceTitle "EXT 2014"]
[Source "ChessBase"]
[SourceDate "2013.11.20"]
[SourceVersion "1"]
[SourceVersionDate "2013.11.20"]
[SourceQuality "1"]

1. e4 e5 2. Nf3 Nc6 3. Bb5 g6 4. d4 exd4 5. Nxd4 Bg7 6. Be3 Nf6 7. Nc3 0-0 8. Bxc6 dxc6 9. f3 Qe7 10. Nb3 b6 11. 0-0 Rd8 12. Qe1 a5 13. Qf2 c5 14. Rfd1 Be6 15. Rxd8+ Rxd8 16. Rd1 Rxd1+ 17. Nxd1 a4 18. Nc1 Nd7 19. Qd2 Ne5 20. b3 axb3 21. axb3 c4 22. Nc3 cxb3 23. cxb3 Nc6 24. Nd5 Qd8 25. Ne2 Bxd5 26. Qxd5 Qxd5 27. exd5 Na5 28. d6 cxd6 29. b4 Nc4 30. Bf2 Be5 31. f4 Bb2 32. Nd4 Bxd4 33. Bxd4 b5 34. Kf2 f5 35. h3 h5 36. g4 hxg4 37. hxg4 Kf7 38. gxf5 gxf5 39. Ke2 Kg6 40. Kd3 Kh5 41. Bf6 Kg4 42. Bg5 Kf3 43. Kd4 Ne3 44. Be7 Nc4 45. Bg5 Ne3 46. Be7 Kxf4 47. Bxd6+ Kf3 48. Kc5 Nc4 49. Bh2 Na3 50. Be5 Ke4 51. Bb2 f4 52. Bxa3 f3 53. Kxb5 f2 54. Ka4 f1Q 55. b5 Kd5 56. Ka5 Qa1 57. Kb4 Qa2 58. b6 Kc6 0-1